000
00277nam a2200097Ia 4500
008
221009s9999 xx 000 0 und d
100
_a
S C Gupta
245
0
_a
Correct इंगलिश Writing टारगेट कोर्स
260
_b
Arihant Publications
942
_c
BK
999
_c
65156
_d
65156